000 00769 a2200217 4500
020 _a007141083X
020 _a9780071410830
082 _a512
090 _c1162
_d1162
100 1 _aRich, Barnett.
245 1 0 _aSchaum's outline of elementary algebra /
_cBarnett Rich, Philip Schmidt.
250 _a3rd ed.
260 _a[S.l.] :
_bMcGraw-Hill,
_c2004.
300 _a400 p. ;
_c28 cm.
490 1 _a third edition
700 1 _aSchmidt, Philip.
830 0 _a third edition
942 _aSNS
_cBK
_k512 RIC
999 _c29775
_d29775